| 000 | 00521nam a2200193Ia 4500 | ||
|---|---|---|---|
| 005 | 20250508151648.0 | ||
| 008 | 008 250505s9999 xx 000 0 eng d | ||
| 037 | _aTextual | ||
| 040 |
_aFEDL _beng _cFEDL |
||
| 041 |
_aeng _2eng |
||
| 084 |
_a026, LAM _qFEDL |
||
| 100 | _aLamb J P | ||
| 245 | 0 | _aCommercial and technical libraries | |
| 260 |
_aLondon, UK _bGeorge Allen and Unwin Ltd _c1955 |
||
| 300 | _a315p | ||
| 650 | _aLibrary science | ||
| 942 |
_cTEXL _h026, LAM |
||
| 999 |
_c1331239 _d1331239 |
||